I Think of You : (Record no. 11612)
[ view plain ]
| 000 -LEADER | |
|---|---|
| fixed length control field | 01858cam a2200385 a 4500 |
| 001 - CONTROL NUMBER | |
| control field | 14876662 |
| 005 - DATE AND TIME OF LATEST TRANSACTION | |
| control field | 20070730121341.0 |
| 008 - FIXED-LENGTH DATA ELEMENTS--GENERAL INFORMATION | |
| fixed length control field | 070602s2007 enk |r 000 1 eng d |
| 010 ## - LIBRARY OF CONGRESS CONTROL NUMBER | |
| LC control number | 2007276483 |
| 020 ## - INTERNATIONAL STANDARD BOOK NUMBER | |
| International Standard Book Number | 0747588198 |
| 020 ## - INTERNATIONAL STANDARD BOOK NUMBER | |
| International Standard Book Number | 9780747588191 |
| 035 ## - SYSTEM CONTROL NUMBER | |
| System control number | (OCoLC)ocm85821333 |
| 035 ## - SYSTEM CONTROL NUMBER | |
| System control number | (OCoLC)85821333 |
| 040 ## - CATALOGING SOURCE | |
| Original cataloging agency | OCO |
| Transcribing agency | OCO |
| Modifying agency | OCO |
| -- | YDXCP |
| -- | BAKER |
| -- | DLC |
| 042 ## - AUTHENTICATION CODE | |
| Authentication code | lccopycat |
| 050 00 - LIBRARY OF CONGRESS CALL NUMBER | |
| Classification number | PR6069.O78 |
| Item number | I18 2007 |
| 082 00 - DEWEY DECIMAL CLASSIFICATION NUMBER | |
| Classification number | 823.914 |
| Edition number | 22 |
| Item number | SOU |
| 100 1# - MAIN ENTRY--PERSONAL NAME | |
| Personal name | Soueif, Ahdaf. |
| 9 (RLIN) | 5107 |
| 245 10 - TITLE STATEMENT | |
| Title | I Think of You : |
| Remainder of title | Selected Stories from Aisha and Sandpiper / |
| Statement of responsibility, etc | Ahdaf Soueif. |
| 260 ## - PUBLICATION, DISTRIBUTION, ETC. (IMPRINT) | |
| Place of publication, distribution, etc | London : |
| Date of publication, distribution, etc | Bloomsbury, 2007 |
| -- | 2007 |
| 300 ## - PHYSICAL DESCRIPTION | |
| Extent | 180 p. ; |
| Dimensions | 21 cm. |
| 500 ## - GENERAL NOTE | |
| General note | "Aisha first published in Great Britain 1983; Sandpiper first published in Great Britain 1996" |
| 505 0# - FORMATTED CONTENTS NOTE | |
| Formatted contents note | Knowing -- 1964 -- Returning -- Mandy -- Satan -- Chez Milou -- Melody -- I think of you -- Sandpiper. |
| 650 ## - SUBJECT ADDED ENTRY--TOPICAL TERM | |
| 9 (RLIN) | 10562 |
| Topical term or geographic name as entry element | Love stories. |
| 653 ## - INDEX TERM--UNCONTROLLED | |
| Resource For college | |
| Arrived date list | June2011 |
| 700 ## - ADDED ENTRY--PERSONAL NAME | |
| 9 (RLIN) | 5074 |
| Personal name | Soueif, Ahdaf. |
| Title of a work | Aisha |
| 700 ## - ADDED ENTRY--PERSONAL NAME | |
| 9 (RLIN) | 5074 |
| Personal name | Soueif, Ahdaf. |
| Title of a work | Sandpiper |
| 856 42 - ELECTRONIC LOCATION AND ACCESS | |
| Materials specified | Contributor biographical information |
| Uniform Resource Identifier | <a href="http://www.loc.gov/catdir/enhancements/fy0738/2007276483-b.html">http://www.loc.gov/catdir/enhancements/fy0738/2007276483-b.html</a> |
| 856 42 - ELECTRONIC LOCATION AND ACCESS | |
| Materials specified | Publisher description |
| Uniform Resource Identifier | <a href="http://www.loc.gov/catdir/enhancements/fy0738/2007276483-d.html">http://www.loc.gov/catdir/enhancements/fy0738/2007276483-d.html</a> |
| 856 41 - ELECTRONIC LOCATION AND ACCESS | |
| Materials specified | Sample text |
| Uniform Resource Identifier | <a href="http://www.loc.gov/catdir/enhancements/fy0738/2007276483-s.html">http://www.loc.gov/catdir/enhancements/fy0738/2007276483-s.html</a> |
| 942 ## - ADDED ENTRY ELEMENTS (KOHA) | |
| Source of classification or shelving scheme | Dewey Decimal Classification |
| Item type | Book - Borrowing |
| Withdrawn status | Item status | Source of classification or shelving scheme | Damaged status | Not for loan | Vendor | Home library | Current library | Shelving location | Date acquired | Cost, normal purchase price | Serial Enumeration / chronology | Total Checkouts | Total Renewals | Full call number | Barcode | Date last seen | Date last borrowed | Cost, replacement price | Koha item type | Source of acquisition | Checked out |
|---|---|---|---|---|---|---|---|---|---|---|---|---|---|---|---|---|---|---|---|---|---|
| Dewey Decimal Classification | Diwan | Central Library | Central Library | Second Floor | 25/05/2009 | 320.00 | 4416 | 5 | 4 | 823.914 SOU | 000016140 | 15/07/2025 | 17/02/2020 | 400.00 | Book - Borrowing | ||||||
| Lost | Dewey Decimal Classification | Baccah | Central Library | Central Library | Second Floor | 06/06/2011 | 100.00 | 12344 | 6 | 18 | 823.914 SOU | 000023963 | 21/09/2014 | 21/09/2014 | Book - Borrowing | 28/09/2014 |